000 02099cab a22002175a 4500
001 L143149
008 080410e20080228xxk 000 0 eng d
035 _a(Sirsi) u143149
041 0 _aeng
245 0 0 _aR (on the application of Baker and others) v SOS Communities and Local Government, Bromley LBC and another
_h[electronic resource]
260 _c2008
520 _a[2008] EWCA Civ 141, 28 February 2008. Considers whether planning inspectors should refer explicitly to equal opportunities legislation which are included in their decisions. Irish travellers (B) appealed against a planning inspector's refusal to grant planning permission for them to pitch caravans on land where they were already residing. B had several children who attended local schools. The planning inspector found no reason for B to remain upon this specific site. In her decision she had taken account of the fact that the older children had not attended school in recent weeks. B argued that the inspector had failed to promote equal opportunities between different racial groups, to give consideration to their children's education, and had wrongly imposed the need to demonstrate requirement to inhabit that particular site. "Held": The inspector was not required to meet the ends of equal opportunities legislation, merely to give due regard towards its purpose. She had done so, and although she had not specifically mentioned the Act, she had referred to other relevant guidance in her report. She had considered the disruption to education in her judgment. Neither had she imposed unfair burden upon B to show special attachment to the site. Appeal dismissed.
590 _aKA
650 2 4 _aODPM CIRCULAR 01/2006
650 2 4 _aR V SOS COMMUNITIES, BROMLEY LBC AND ANOTHER
650 2 4 _aRACE RELATIONS ACT 1976
651 4 _aEngland and Wales
_y1543-
690 _aENVIRONMENTAL AND LAND CONSULTANCY-PLANNING AND DEVELOPMENT-DEVELOPMENT CONTROL-PLANNING ENFORCEMENT
856 4 0 _uhttps://www.bailii.org/ew/cases/EWCA/Civ/2008/141.html
_zView the judgment free of charge at www.bailii.org...
942 _n0
999 _c80072
_d80072